Animated Movies by Picture - B - Statistics

General Stats
  • This quiz has been taken 1,534 times
  • The average score is 9 of 12
Answer Stats
Picture Answer % Correct
Beauty and the Beast
99%
Bambi
97%
Boss Baby
90%
Brave
90%
Bee Movie
85%
Big Hero 6
83%
Bolt
83%
A Bug's Life
82%
Brother Bear
62%
The Bad Guys
50%
The Boy and the Heron
35%
The Book of Life
31%
No matching quizzes found
Score Distribution
Percent of People with Each Score
Percentile by Number Answered
Your Score History
You have not taken this quiz